عرض عادي عرض مارك
  • Paar, Christof,

مدخل إسم شخص

عدد التسجيلات المستخدمة في: 1

001 - رقم الضبط

  • حقل الضبط: 40369

003 - معرف رقم الضبط

  • حقل الضبط: OSt

005 - تاريخ ووقت أخر عملية

  • حقل الضبط: 20131117195629.0

008 - عناصر بيانات ثابتة الطول

  • حقل تحكم ثابت الطول: 131117|||a|||||| | ||| d

040 ## - مصدر الفهرسة

  • هيئة الفهرسة الأصلية: OSt
  • وكالة الكتابة: OSt

100 ## - مدخل -- أسم شخص

  • إسم شخص: Paar, Christof,
  • تواريخ مرتبطة بالاسم: 1963-

670 ## - بيانات المصدر موجوده

  • الاستشهاد بالمصدر: Work cat.: (OSt)0: Paar, Christof, 1963-, Understanding cryptography :, c2010.